LDR 00801naa#a2200169#i#450# 001 RU\\bibl\119628 005 20260514180004.4 011 ## _a2782-4586 100 ## _a20241231b2024####ek#y0rusy0150####ca 102 ## _aRU 200 1# _aИнструменты обеспечения пространственного развития России на основе преодоления межрегиональных дисбалансов _eЖурнальная статья 210 1# _aМосква _cУниверситет ИТБО _d2024 215 ## _a6 с. 608 ## _aЖурнальная статья _2local 675 ## _aЭкономические науки в целом. Политическая экономия. 330 _z 700 #1 _aТимофеева _gЕлена Александровна 856 4# _ajomeam.ru _u